Razvitije bankovskich sistem stran socializma

Salvato in:
Dettagli Bibliografici
Autore principale: Atlas, Marijam Semenovna
Natura: Libro
Lingua:russo
Pubblicazione: Leningrad Finansy 1967
Tags: Aggiungi Tag
Nessun Tag, puoi essere il primo ad aggiungerne!!

MARC

LEADER 00000nam a2200000 4500
001 c122750
005 20041019155226.2
041 0 |a rus 
044 |a RU 
245 1 0 |a Razvitije bankovskich sistem stran socializma  |c Marijam Semenovna Atlas 
264 1 |a Leningrad  |b Finansy  |c 1967 
300 |a 237 s. 
100 1 |a Atlas, Marijam Semenovna